000 00460 a2200133 4500
005 20250605110732.0
020 _a9 781793618771
100 _aLITTLEFIELD, S. R.
245 _aIntergrated Marketing Communication in Risk and Crisis Contexts: A Culture-Centered Approach.
260 _aLondon,
_bLexingtin Books
_c2021.
300 _aix, 199p.; ill.; pictures.; tables
_bReferences.; Indexes.
_c23cm.
700 _aSELLNOW, D. D. & SELLNOW, L. T.
942 _2ddc
_cBKS
999 _c3206
_d3206